Physics programs (Record no. 6877)

MARC details
000 -LEADER
fixed length control field 00535nam a2200181Ia 4500
003 - CONTROL NUMBER IDENTIFIER
control field IN-BaIIA
008 - FIXED-LENGTH DATA ELEMENTS--GENERAL INFORMATION
fixed length control field 211028s9999 xx 000 0 eng d
020 ## - INTERNATIONAL STANDARD BOOK NUMBER
International Standard Book Number 0-471-27729-0
040 ## - CATALOGING SOURCE
Transcribing agency IIA Library
080 ## - UNIVERSAL DECIMAL CLASSIFICATION NUMBER
Universal Decimal Classification number 535
Item number PHY
245 #0 - TITLE STATEMENT
Title Physics programs
Remainder of title optics
Statement of responsibility, etc. edited by A. D. Boardman
260 ## - PUBLICATION, DISTRIBUTION, ETC.
Place of publication, distribution, etc. Chichester
Name of publisher, distributor, etc. John Wiley & Sons
Date of publication, distribution, etc. 1980
300 ## - PHYSICAL DESCRIPTION
Extent vii, 123p.
650 ## - SUBJECT ADDED ENTRY--TOPICAL TERM
Topical term or geographic name entry element Astronomy and astrophysics thesaurus
650 ## - SUBJECT ADDED ENTRY--TOPICAL TERM
Topical term or geographic name entry element Optics
700 ## - ADDED ENTRY--PERSONAL NAME
Personal name Boardman, A. D., ed.
9 (RLIN) 11783
942 ## - ADDED ENTRY ELEMENTS (KOHA)
Koha item type Books
Holdings
Withdrawn status Lost status Damaged status Not for loan Home library Current library Shelving location Date acquired Cost, normal purchase price Total Checkouts Full call number Barcode Date last seen Cost, replacement price Price effective from Koha item type Purchase Price
        IIA Library-Bangalore IIA Library-Bangalore General Stacks 12/10/1981 110.70   535/ PHY 7643 05/11/2021 110.70 12/10/1981 Books Rs. 110.70

Powered by Koha